Who Sings These Songs – C Artists - Statistics

General Stats
  • This quiz has been taken 31 times
  • The average score is 11 of 25
Answer Stats
Hint Answer % Correct
Zombie | Sunday The Cranberries
90%
My Heart Will Go On | I Surrender Céline Dion
80%
The Scientist | Hymn for the Weekend Coldplay
80%
Havana | Crying in the Club Camila Cabello
77%
Call Me Maybe | I Really Like You Carly Rae Jepsen
77%
Should I Stay or Should I Go | Rock the Casbah The Clash
77%
Hurt | Genie In A Bottle Christina Aguilera
73%
Believe | Strong Enough Cher
70%
Hello Bitches | Spicy CL
70%
Friday I’m in Love | Pictures of You The Cure
63%
Good Luck, Babe! | Pink Pony Club Chappell Roan
57%
Boom Clap | 360 Charli XCX
50%
Attention | I Don’t Think That I Like Her Charlie Puth
40%
Paris | Closer The Chainsmokers
37%
Maria Maria | Samba Pa Ti Carlos Santana
33%
Fight For This Love | Parachute Cheryl
23%
Under The Influence | Sensational Chris Brown
23%
Lookin’ Out My Back Door | Green River Creedence Clearwater Revival
23%
Devil Town | Lemon Boy Cavetown
17%
Ridin’ | N Luv Wit My Money Chamillionaire
17%
Want U Back | With Ur Love Cher Lloyd
13%
7 Days | Insomnia Craig David
13%
Money | Be Careful Cardi B
10%
No Problem | Stars Out Chance the Rapper
10%
Try | Realize Colbie Caillat
3%
No matching quizzes found
Score Distribution
Percent of People with Each Score
Percentile by Number Answered
Your Score History
You have not taken this quiz